UBT Library

Gifts differing / (Record no. 44596)

000 -LEADER
fixed length control field 00680nam a2200241 a 4500
001 - CONTROL NUMBER
control field 1989687
005 - DATE AND TIME OF LATEST TRANSACTION
control field 20180309074823.0
008 - FIXED-LENGTH DATA ELEMENTS--GENERAL INFORMATION
fixed length control field 890915s1980 caua b 000 0 eng
010 ## - LIBRARY OF CONGRESS CONTROL NUMBER
LC control number 89186449
020 ## - INTERNATIONAL STANDARD BOOK NUMBER
International Standard Book Number 9780891060741
020 ## - INTERNATIONAL STANDARD BOOK NUMBER
International Standard Book Number 0891060111 (pbk.)
040 ## - CATALOGING SOURCE
Original cataloging agency DLC
Transcribing agency DLC
Modifying agency DLC
041 ## - LANGUAGE CODE
Language code of text/sound track or separate title eng
080 ## - UNIVERSAL DECIMAL CLASSIFICATION NUMBER
Universal Decimal Classification number 155.264
082 00 - DEWEY DECIMAL CLASSIFICATION NUMBER
Classification number 155.264 MYE
Edition number 20
100 1# - Rafti
Rafti 49
101 ## - Shkurtesa
Shkurtesa PSI
245 10 - TITLE STATEMENT
Title Gifts differing /
Statement of responsibility, etc Isabel Briggs Myers, with Peter B. Myers.
504 ## - BIBLIOGRAPHY, ETC. NOTE
Bibliography, etc Includes bibliographical references (p. 213-215).
906 ## - LOCAL DATA ELEMENT F, LDF (RLIN)
a 7
b cbc
c orignew
d 2
e ncip
f 19
g y-gencatlg
942 ## - ADDED ENTRY ELEMENTS (KOHA)
Source of classification or shelving scheme
Item type Books
Holdings
Withdrawn status Lost status Source of classification or shelving scheme Damaged status Not for loan Collection code Permanent location Current location Shelving location Date acquired Total Checkouts Full call number Barcode Date last seen Price effective from Koha item type
          Koleksioni i përgjithshem UBT - Lipjan UBT - Lipjan Koleksioni i përgjithshem 03/09/2018   155.264 MYE 002-3001526 03/09/2018 03/09/2018 Books
UBT Library © 2015-2024. All rights reserved University Education for Business and Technology